000 00686nam a2200205 a 4500
001 22913
003 CO-ViMGA
008 141112s2004 ck r 000 u spa d
020 _a8420670189
040 _aCO-ViMGA
_bspa
_cCO-ViMGA
082 0 4 _a757.22 C517p
100 1 _aClark, Kenneth
_932883
245 1 0 _aEl desnudo :
_bUn estudio de la forma ideal
260 _aEspaƱa :
_bAlianza
300 _a425p.
505 _aEl esnudo corporal y el desnudo artistico, Apolo, Venus, Venus II, La enegia, El pathos, El extasis, El convencionalismo, El desnudo como fin en si mismo
650 1 4 _aDESNUDO EN EL ARTE
_932884
650 1 4 _aFIGURA HUMANA EN EL ARTE
_932885
942 _2ddc
_cBK
999 _c31204
_d31204